| 000 | 00328nam a2200121Ia 4500 | ||
|---|---|---|---|
| 008 | 230907s9999||||xx |||||||||||||| ||und|| | ||
| 082 |
_a658.1599 _bMAD |
||
| 100 |
_aMadura, Jeff. _9115903 |
||
| 245 | 0 | _aInternational financial management / | |
| 260 |
_aWest Pub. Co., _bSt. Paul, MN : _c2014 |
||
| 300 | _a671 p. : | ||
| 942 | _cBK | ||
| 999 |
_c600105 _d600105 |
||